00321nam a2200109 a 4500001000500000005001700005008004100022050002200063100002300085245006200108260004100170414020140414131846.0090218s19uu xx 00 eng d aM 220.9bL33 1988 aLashbrook, Marilyn aThe Wall that did not fall :bthe story of Rahab's faith. aFort Collins, CO :bTreasure,c1988.